000 00609 a2200193 4500
005 20120508094349.0
008 120508t xxu||||| |||| 00| 0 eng d
080 _a537.6
_bTUM
100 _aTumanski, S.
_920188
245 _aHandbook of magnetic measurements
300 _axiv, 390p.
653 _aMagnetism
653 _aMagnetic measurements
653 _aMagnetic sensors
942 _cBK
260 _aBoca ration
_bCRC
_c2011
_918455
020 _a9781439829516
952 _w2012-01-07
_p00066675
_v0.00
_r2012-01-07
_40
_e89
_00
_bUL
_10
_o537.6 TUM
_d2012-01-07
_70
_cGEN
_2udc
_g0.00
_yBK
_aUL
999 _c72959
_d72958